00490 2200181 4500001002100000005001500021008004100036020001800077035001900095041000700114082001500121090002100136100002200157245003600179260003300215300003100248650002900279INLIS00000000001286520241224114439241224||||||||| | ||| |||| || |  a979-730-294-6 0010-1224012865 aid0 a398.209598 a398.209598 YUL g0 aYuliadi Soekardii00aGeusan Ulun dan Putri Harisbaya aBandungbPustaka Setiac2004 a25,5x18,5,116 hlm.; ilus.: 0aCERITA RAKYAT JAWA BARAT